Statistics for Geometric Angles

Click here to take the quiz!

General Stats

  • This quiz has been taken 18 times
  • The average score is 4 of 12

Answer Stats

Answer% Correct
Right Angle
100%
Acute Angle
62%
Obtuse Angle
46%
Reflex Angle
46%
Straight Angle
38%
Supplementary Angles
31%
Corresponding Angles
31%
Complementary Angles
15%
Alternate Interior Angles
15%
Adjacent Angles
8%
Vertical Angles
8%
Alternate Exterior Angles
8%

Score Distribution

Percentile by Number Answered

Percent of People with Each Score

Your Score History

You have not taken this quiz